| 000 | 01813nam a22005897a 4500 | ||
|---|---|---|---|
| 005 | 20260514141935.0 | ||
| 008 | 170327b xxu||||| |||| 00| 0 spa d | ||
| 020 | _a9786076226049 | ||
| 041 | _aESP | ||
| 082 | _a651.3 T684s | ||
| 100 | _aTormo, Marisa | ||
| 245 | _aSecretariado: gestión administrativa y asistencia a la dirección | ||
| 260 | _aMéxico | ||
| 260 | _aAlfaomega | ||
| 260 | _c2016 | ||
| 300 | _a162 páginas | ||
| 490 | _aSecretariado Ejecutivo | ||
| 505 | _aParte I. Un antes y un después. Parte II. La comunicación. Parte III. Más de 100 tareas. Parte IV. Cartas y ortografía. Parte V. English to business. Parte VI. Contabilidad y finanzas Parte VII. Ofimática Parte VIII. Medios Sociales | ||
| 650 | _aMANTENIMIENTO A LA OFICINA | ||
| 650 | _aSECRETARIA EJECUTIVA | ||
| 650 | _aHISTORIA | ||
| 650 | _aCOMUNICACIÓN | ||
| 650 | _aCOMUNICACIÓN EXTERNA E INTERNA | ||
| 650 | _aCOMUNICACIÓN DESCENDENTE | ||
| 650 | _aCOMUNICACIÓN ASCENDENTE | ||
| 650 | _aCOMUNICACIÓN HORIZONTAL | ||
| 650 | _aREDACCIÓN DE CARTAS Y DOCUMENTOS | ||
| 650 | _aPAGARÉ | ||
| 650 | _aCONTABILIDAD | ||
| 650 | _aOFIMÁTICA | ||
| 650 | _aREDES SOCIALES | ||
| 650 | _aWORD EN LA OFICINA | ||
| 650 | _aEXCEL | ||
| 650 | _aPOWERPOINT | ||
| 650 | _aCALENDAR GOOGLE | ||
| 650 | _aPERFIL SECRETARIAL | ||
| 650 | _aMEDIOS SOCIALES | ||
| 650 | _aTWITTER | ||
| 650 | _aFACEBOOK | ||
| 650 | _aYOUTUBE | ||
| 650 | _aPINTEREST | ||
| 650 | _aINSTAGRAM | ||
| 650 | _aCOMUNICACIÓN EXTERNA | ||
| 650 | _aCOMUNICACIÓN INTERNA | ||
| 650 | _aAPTITUDES DE LA SECRETARIA | ||
| 650 | _aCERTIFICADO | ||
| 650 | _aCARTAS DE RECLAMO DE DEUDAS | ||
| 650 | _aPRESUPUESTO | ||
| 650 | _aORTOGRAFÍA | ||
| 650 | _aREDACCIÓN DE EMAILS | ||
| 942 |
_cBK _2ddc |
||
| 999 |
_c9154 _d9154 |
||